NFL Pro Bowl Players From Every National Champion - Statistics

General Stats
  • This quiz has been taken 455 times
    20 since last reset
  • The average score is 56 of 98
Answer Stats
Answer % Correct
Cam Newton
94%
Jalen Hurts
94%
Ja'Marr Chase
94%
James Cook
94%
Joe Burrow
94%
Josh Jacobs
94%
Julio Jones
94%
Justin Jefferson
94%
Kyle Williams
94%
Mac Jones
94%
Quinnen Williams
94%
Roy Williams
94%
Derek Stingley Jr.
88%
Derrick Henry
88%
Dexter Lawrence
88%
Ed Reed
88%
Minkah Fitzpatrick
88%
Patrick Surtain II
88%
Tee Higgins
88%
Trevor Lawrence
88%
Tua Tagovailoa
88%
Brock Bowers
82%
Deshaun Watson
82%
Dwayne Bowe
82%
Ezekiel Elliott
82%
George Pickens
82%
Jalen Carter
82%
Jameis Winston
82%
Jerry Jeudy
82%
Josh Harris
82%
Najee Harris
82%
Will Anderson Jr.
82%
Jalen Ramsey
76%
Michael Thomas
76%
Trevon Diggs
76%
Andre Johnson
71%
Steve Smith
71%
Telvin Smith
71%
Will Smith
71%
Amari Cooper
65%
Brian Branch
65%
Marlon Humphrey
65%
Marshon Lattimore
65%
Patrick Queen
65%
Terry McLaurin
65%
Hunter Renfrow
59%
Bryant McKinnie
53%
Eddie Jackson
53%
Frank Gore
53%
Joey Bosa
53%
Jonathan Allen
53%
Kamari Lassiter
53%
Maurkice Pouncey
53%
Mike Pouncey
53%
Sean Taylor
53%
Vince Young
53%
Xavier McKinney
53%
C.J. Mosley
47%
Daron Payne
47%
Eddie Lacy
47%
Jamaal Charles
47%
Joe Haden
47%
Landon Dickerson
47%
Mark Ingram
47%
Ryan Kelly
47%
Dont'a Hightower
41%
Jeremy Shockey
41%
Reggie Nelson
41%
Taylor Decker
41%
Vince Wilfork
41%
Clay Matthews
35%
Clinton Portis
35%
Cody Parkey
35%
Devonta Freeman
35%
Jammal Brown
35%
Landon Collins
35%
Matt Cassel
35%
Percy Harvin
35%
Willis McGahee
35%
A.J. Hawk
29%
Andrew Whitworth
29%
Carlos Dunlap
29%
Kellen Winslow II
29%
Nick Mangold
29%
Ryan Kalil
29%
Ha Ha Clinton-Dix
24%
Joseph Addai
24%
Antrel Rolle
18%
Brian Orakpo
18%
Jonathan Vilma
18%
Lofa Tatupu
18%
Marcell Dareus
18%
Dee Ford
12%
Janoris Jenkins
12%
LaRon Landry
12%
Michael Griffin
12%
Chris Myers
6%
Henry Melton
6%
No matching quizzes found
Score Distribution
Percent of People with Each Score
Percentile by Number Answered
Your Score History
You have not taken this quiz since the last reset